000 01091nam0a22003011 4500
001 rc\4186365
005 20130415193045.6
021 _aRU
_b[51-6390]
035 _a(NLR Aleph) 008193552
090 _a7991308
_c7991308
100 _a20130415d1951 |||y0rusy50 ca
101 0 _arus
102 _aRU
105 _aa z |||||
200 1 _aЗадачи и вопросы по физике
_eПособие для студентов учительских ин-тов
_fПодгот. к печати Д.И. Сахаровым и С.Н. Жарковым
205 _a9-е изд.
210 _aМосква
_cУчпедгиз
_d1951
215 _a312 с.
_cил.
_d23
300 _aПеред загл. авт.: проф. А.В. Цингер
606 _aФизика
_jЗадачи
_2psbo
700 1 _aЦингер
_bА. В.
_f1870-1934
_gАлександр Васильевич
702 1 _aСахаров
_bД. И.
_4570
702 1 _aЖарков
_bС. Н.
_4570
801 0 _aRU
_bNLR
_gpsbo
801 1 _aRU
_bELAR
_2rusmarc
852 _aNLR
_jФз02 Г-5/221
942 _cBOOK
980 _aNB